Social limits to growth (Record no. 27790)

MARC details
000 -LEADER
fixed length control field 00276nam a2200109Ia 4500
082 ## - DEWEY DECIMAL CLASSIFICATION NUMBER
Classification number 33:301
Item number HIR
100 ## - MAIN ENTRY--AUTHOR NAME
Personal name HIRSCH, Fred
245 #0 - TITLE STATEMENT
Title Social limits to growth
260 ## - PUBLICATION, DISTRIBUTION, ETC. (IMPRINT)
Place of publication London
Name of publisher Routledge& Kegan Paul
Year of publication 1976
942 ## - ADDED ENTRY ELEMENTS (KOHA)
Koha item type Books
Holdings
Withdrawn status Lost status Damaged status Not for loan Home library Current library Date acquired Full call number Accession Number Koha item type
        RRII Library RRII Library 16/12/2021 33:301 HIR 08406 Books